| 000 | 00889nac a22002651u 4500 | ||
|---|---|---|---|
| 020 | _a8175810882 : | ||
| 082 | 0 | 0 |
_a822.33 _bSHA |
| 090 |
_c8511 _d8511 |
||
| 100 | _aShakespeare, William, | ||
| 245 | 1 | 0 |
_aMeasure for measure : _cWilliam Shakespeare ; edited by Ramjilall |
| 250 | _a9th ed. | ||
| 260 |
_aNew Delhi : _bRama Brothers,1998 _cc1998 |
||
| 300 |
_ax, 512 p. ; _c18 cm. |
||
| 500 | _aDistributer: Al-Ahram | ||
| 504 | _aIncludes bibliographical references. | ||
| 511 | _aCatalogued by: Sara | ||
| 650 | 0 |
_aChastity _xDrama. |
|
| 650 | 0 |
_aBrothers and sisters _xDrama. |
|
| 651 | 0 |
_aVienna (Austria) _xDrama. |
|
| 655 | 7 | _aComedies. | |
| 700 | 1 | _aRamjilall | |
| 800 | 1 |
_aShakespeare, William, _d1564-1616. |
|
| 942 |
_cBB _k822.33SHA |
||
| 999 |
_c8511 _d8511 |
||